000 00770cam a2200265 a 4500
008
020 _a0415317975 (pbk.)
049 _aMAIN
090 _aPN4784.B75
_bTHO
100 1 _aThompson, Rick.
245 1 0 _aWriting for broadcast journalists /
_cRick Thompson.
260 _aLondon :
_bRoutledge,
_c2005.
300 _aviii, 182 p. ;
_c24 cm.
440 _aMedia skills.
500 _aIncludes index.
504 _aIncludes bibliographical references.
650 0 _aBroadcast journalism
_xAuthorship.
650 0 _aReporters and reporting.
650 0 _aReport writing.
907 _a.b10307382
_b14-06-13
_c08-02-12
003
005 20230123125403.0
040 _cNUST
942 _cBOOKS
_kPN4784.B75
_mTHO
999 _c140638
_d140638